[Event "SVK-Tch 1 Liga Vychod 2019-20"]
[Site "SVK"]
[Date "2019.10.13"]
[Round "2.1"]
[White "Brhel, Jan"]
[Black "Krnan, Tomas"]
[Result "0-1"]
[WhiteElo "2025"]
[BlackElo "2417"]
[PlyCount "60"]
[GameId "2130307601753977"]
[EventDate "2019.10.12"]
[EventType "team"]
[EventRounds "11"]
[EventCountry "SVK"]
[SourceTitle "10 Days #613"]
[Source "ChessMix"]
[SourceDate "2020.05.01"]
[SourceVersion "1"]
[SourceVersionDate "2020.05.01"]
[SourceQuality "1"]
[WhiteTeam "Kysucke Nove Mesto MKSS SK"]
[BlackTeam "B. Bystrica SK junior CVC"]

1. d4 Nf6 2. c4 e6 3. Nc3 Bb4 4. Qc2 O-O 5. e4 d5 6. e5 Ne4 7. Bd3 c5 8. Nge2 cxd4 9. Nxd4 Nd7 10. Bf4 Ndc5 11. O-O Bxc3 12. bxc3 Bd7 13. cxd5 Ba4 14. Nb3 Nxd3 15. Qxd3 Qxd5 16. Nd4 Rac8 17. Rac1 Rc4 18. Rfe1 Nxc3 19. Rxc3 Rxd4 20. Qg3 Rd1 21. Rce3 Bc2 22. h4 h5 23. Qg5 Bg6 24. a3 Rc8 25. Qe7 Rcc1 26. Rxd1 Qxd1+ 27. Kh2 Qh1+ 28. Kg3 Rg1 29. Qxb7 Bf5 30. Rc3 Qh3# 0-1

[Event "Tatry op"]
[Site "Tatranska Lomnica SVK"]
[Date "2019.09.29"]
[Round "2.2"]
[White "Matras, Ondrej"]
[Black "Krnan, Tomas"]
[Result "1/2-1/2"]
[WhiteElo "2176"]
[BlackElo "2408"]
[PlyCount "154"]
[GameId "2130307602457647"]
[EventDate "2019.09.28"]
[EventType "swiss"]
[EventRounds "9"]
[EventCountry "SVK"]
[SourceTitle "10 Days #593"]
[Source "ChessMix"]
[SourceDate "2019.10.10"]
[SourceVersion "1"]
[SourceVersionDate "2019.10.10"]
[SourceQuality "1"]

1. d4 Nf6 2. c4 e6 3. Nc3 Bb4 4. Qc2 O-O 5. a3 Bxc3+ 6. Qxc3 b6 7. Bg5 Bb7 8. e3 d6 9. f3 Nbd7 10. Bd3 e5 11. d5 h6 12. Bh4 e4 13. Bc2 b5 14. fxe4 Nxd5 15. Bxd8 Nxc3 16. Bxc7 Nxe4 17. Nf3 bxc4 18. Rd1 Ndf6 19. Bxd6 Nxd6 20. Rxd6 Rfe8 21. Kd2 Rab8 22. Rd4 Ne4+ 23. Kc1 Nf2 24. Re1 Rec8 25. Ne5 Ba6 26. Kb1 f6 27. Ng6 Rc7 28. Rd6 Rcb7 29. b4 cxb3 30. Bf5 Bc4 31. Rd2 Rb5 32. Rxf2 Kf7 33. Kb2 Rxf5 34. Rxf5 Kxg6 35. Rf4 Be6 36. Rc1 Rb5 37. Re4 Kf5 38. Rb4 Re5 39. Rc3 a5 40. Rb7 Rd5 41. Rbxb3 Rd2+ 42. Kc1 Rxg2 43. Rb5+ Kg6 44. Rxa5 Rxh2 45. Ra7 Rg2 46. Rcc7 Kh7 47. Rc6 Bg4 48. Rxf6 h5 49. Rff7 Be2 50. Rf4 Kh6 51. Rd4 Bg4 52. Rd8 g6 53. Rh8+ Kg5 54. Ra5+ Kh4 55. e4 Bf3 56. e5 Re2 57. Rf8 Bg4 58. Rg8 Bf5 59. Kd1 Re4 60. Kd2 Kg5 61. Re8 h4 62. Rh8 h3 63. Rb5 Kf4 64. Rh4+ Kg3 65. Rxe4 Bxe4 66. Rb3+ Bf3 67. e6 h2 68. e7 h1=Q 69. e8=Q Qd1+ 70. Kc3 Qc1+ 71. Kb4 Qd2+ 72. Rc3 Qd4+ 73. Kb3 Qd1+ 74. Kb4 Qd4+ 75. Kb3 Qd1+ 76. Kb2 Qd2+ 77. Kb3 Qd1+ 1/2-1/2

[Event "Tatry op"]
[Site "Tatranska Lomnica SVK"]
[Date "2019.09.29"]
[Round "3.8"]
[White "Krnan, Tomas"]
[Black "Sejkora, Vlastimil"]
[Result "1-0"]
[WhiteElo "2408"]
[BlackElo "2144"]
[PlyCount "91"]
[GameId "2130307602457680"]
[EventDate "2019.09.28"]
[EventType "swiss"]
[EventRounds "9"]
[EventCountry "SVK"]
[SourceTitle "10 Days #593"]
[Source "ChessMix"]
[SourceDate "2019.10.10"]
[SourceVersion "1"]
[SourceVersionDate "2019.10.10"]
[SourceQuality "1"]

1. e4 c5 2. Nf3 d6 3. Bb5+ Bd7 4. Bxd7+ Qxd7 5. c4 Nc6 6. d4 cxd4 7. Nxd4 Nf6 8. Nc3 g6 9. f3 Bg7 10. Be3 O-O 11. O-O Rfc8 12. b3 e6 13. Rc1 Rd8 14. Nxc6 bxc6 15. Qe2 d5 16. e5 Ne8 17. f4 f6 18. Bf2 Nc7 19. Rfd1 fxe5 20. fxe5 Rf8 21. Na4 Rf5 22. Nc5 Qe7 23. Nd3 Rc8 24. Bxa7 dxc4 25. bxc4 Nd5 26. Bf2 Nf4 27. Nxf4 Rxf4 28. Rd6 Rf5 29. Bg3 Rcf8 30. c5 h5 31. h4 g5 32. Qxh5 gxh4 33. Qxh4 Qxh4 34. Bxh4 Bxe5 35. Rxc6 Bd4+ 36. Kh2 Rh5 37. Kh3 Rf4 38. g3 Re4 39. Rc8+ Kh7 40. Rc4 Rhe5 41. c6 Bb6 42. Rxe4 Rxe4 43. Rb8 Ba5 44. c7 Bxc7 45. Rb7 Rc4 46. Bd8 1-0

[Event "Tatry op"]
[Site "Tatranska Lomnica SVK"]
[Date "2019.09.30"]
[Round "4.4"]
[White "Krnan, Tomas"]
[Black "Piankov, Evgenij"]
[Result "1-0"]
[WhiteElo "2408"]
[BlackElo "2237"]
[PlyCount "39"]
[GameId "2130307602461801"]
[EventDate "2019.09.28"]
[EventType "swiss"]
[EventRounds "9"]
[EventCountry "SVK"]
[SourceTitle "10 Days #593"]
[Source "ChessMix"]
[SourceDate "2019.10.10"]
[SourceVersion "1"]
[SourceVersionDate "2019.10.10"]
[SourceQuality "1"]

1. e4 c6 2. d4 d5 3. Nd2 g6 4. c3 Bg7 5. Bd3 dxe4 6. Nxe4 Nd7 7. Qe2 Ndf6 8. Ng5 Nh6 9. N1f3 O-O 10. O-O Nf5 11. Re1 h6 12. Ne4 Nd6 13. Ng3 e6 14. Bf4 Nf5 15. Qd2 Nxg3 16. hxg3 Kh7 17. c4 b6 18. Ne5 c5 19. dxc5 bxc5 20. Nxf7 1-0

[Event "Tatry op"]
[Site "Tatranska Lomnica SVK"]
[Date "2019.10.01"]
[Round "5.2"]
[White "Budisavljevic, Luka"]
[Black "Krnan, Tomas"]
[Result "1/2-1/2"]
[WhiteElo "2359"]
[BlackElo "2408"]
[PlyCount "188"]
[GameId "2130307602461828"]
[EventDate "2019.09.28"]
[EventType "swiss"]
[EventRounds "9"]
[EventCountry "SVK"]
[SourceTitle "10 Days #593"]
[Source "ChessMix"]
[SourceDate "2019.10.10"]
[SourceVersion "1"]
[SourceVersionDate "2019.10.10"]
[SourceQuality "1"]

1. d4 Nf6 2. Nf3 e6 3. Bf4 c5 4. e3 d5 5. Nbd2 Nc6 6. c3 cxd4 7. exd4 Nh5 8. Be3 Bd6 9. Ne5 Nf6 10. f4 Qb6 11. Qb3 Ng8 12. Bd3 Nh6 13. O-O f6 14. Nxc6 bxc6 15. Qc2 Ng4 16. Rae1 Nxe3 17. Rxe3 c5 18. Kh1 Rb8 19. Bxh7 cxd4 20. cxd4 Qxd4 21. Qg6+ Kf8 22. Rd3 Qxb2 23. Nf3 Bxf4 24. Rd4 e5 25. Rxd5 Be6 26. Rd6 e4 27. Nd4 Bf7 28. Ne6+ Bxe6 29. Rxe6 e3 30. Qf5 Be5 31. Rxe5 e2 32. Rxe2 Qxe2 33. Rc1 Rd8 34. h3 Rd1+ 35. Rxd1 Qxd1+ 36. Kh2 Qd6+ 37. Kh1 Qd1+ 38. Kh2 Qd6+ 39. Kh1 g5 40. Qc8+ Kg7 41. Qb7+ Kh6 42. Bf5 g4 43. Qe4 Rg8 44. Qe3+ Rg5 45. hxg4 Qe5 46. Qh3+ Kg7 47. Qh7+ Kf8 48. Qxa7 Rg7 49. Qa8+ Qe8 50. Qa6 Qe1+ 51. Kh2 Qh4+ 52. Kg1 Re7 53. Qa3 Qe1+ 54. Kh2 Kg8 55. Qb3+ Kg7 56. Qh3 Qe5+ 57. Kh1 Rc7 58. Qh7+ Kf8 59. Qh8+ Ke7 60. Qg7+ Kd6 61. Qf8+ Kd5 62. Qg8+ Kd4 63. Qd8+ Kc5 64. Qd2 Kc6 65. Qb4 Kd5 66. Qd2+ Kc5 67. Qa5+ Kd6 68. Qb4+ Rc5 69. a4 Kc7 70. Qd2 Qa1+ 71. Kh2 Qxa4 72. Qe3 Qc6 73. Qe7+ Kb6 74. Qe3 Qd6+ 75. Kh3 Kc7 76. Qa3 Qc6 77. Qa7+ Kd6 78. Qa3 Ke7 79. Kh4 Qd6 80. Kh3 Qe5 81. Qa7+ Rc7 82. Qa3+ Kf7 83. g3 Kg7 84. Qd3 Qa1 85. Qf3 Re7 86. g5 fxg5 87. Kg4 Qf6 88. Qd3 Rc7 89. Qd5 Re7 90. Qd2 Kh6 91. Qh2+ Kg7 92. Qd2 Kg8 93. Qd8+ Kf7 94. Qd5+ Kg7 1/2-1/2

[Event "Tatry op"]
[Site "Tatranska Lomnica SVK"]
[Date "2019.10.02"]
[Round "6.3"]
[White "Jakab, Bela"]
[Black "Krnan, Tomas"]
[Result "1/2-1/2"]
[WhiteElo "2255"]
[BlackElo "2408"]
[PlyCount "167"]
[GameId "2130307602461859"]
[EventDate "2019.09.28"]
[EventType "swiss"]
[EventRounds "9"]
[EventCountry "SVK"]
[SourceTitle "10 Days #593"]
[Source "ChessMix"]
[SourceDate "2019.10.10"]
[SourceVersion "1"]
[SourceVersionDate "2019.10.10"]
[SourceQuality "1"]

1. d4 Nf6 2. c4 e6 3. Nf3 Bb4+ 4. Nbd2 O-O 5. g3 b6 6. Bg2 Bb7 7. O-O Be7 8. b3 d5 9. Bb2 a5 10. Ne5 a4 11. bxa4 Nfd7 12. cxd5 Bxd5 13. e4 Bb7 14. Nec4 Nf6 15. f4 Qd7 16. Ne3 Qxa4 17. f5 Qxd1 18. Rfxd1 Ba3 19. Bc3 exf5 20. Nxf5 Re8 21. Re1 g6 22. Nh6+ Kg7 23. d5 Bc5+ 24. Kh1 Kxh6 25. Bxf6 Nd7 26. Bc3 Ne5 27. Nb3 Bd6 28. a4 Ba6 29. Nd4 Bd3 30. Nb5 Bxb5 31. axb5 Nd3 32. Rf1 Rxa1 33. Bxa1 Be5 34. Bxe5 Nxe5 35. Ra1 Re7 36. Ra7 Nc4 37. Kg1 f6 38. Ra4 Nd6 39. Rb4 Re8 40. Kf2 Ra8 41. h4 Ra3 42. Rb2 Rc3 43. Rb4 Kg7 44. g4 h6 45. g5 hxg5 46. hxg5 Nf7 47. gxf6+ Kxf6 48. Ra4 Nd6 49. Ra8 Ke5 50. Kg1 Rc1+ 51. Kh2 Rc4 52. Rg8 Nxe4 53. Rxg6 Nd6 54. Kg3 Nxb5 55. Kf2 Nd6 56. Ke3 Rc3+ 57. Kd2 Ra3 58. Rg5+ Kd4 59. Rg4+ Kc5 60. Rg7 Nc4+ 61. Kc1 Ra1+ 62. Kc2 Ne3+ 63. Kb2 Ra7 64. Bf3 Nxd5 65. Rg5 c6 66. Bxd5 cxd5 67. Rh5 b5 68. Rg5 Kc4 69. Rg8 Rb7 70. Kc2 b4 71. Kb2 d4 72. Rc8+ Kd3 73. Rh8 Rd7 74. Kb3 Ke4 75. Rh4+ Kf5 76. Kc2 b3+ 77. Kd3 b2 78. Rh5+ Kf4 79. Rb5 Rd8 80. Rxb2 Ke5 81. Rb5+ Rd5 82. Rxd5+ Kxd5 83. Kd2 d3 84. Kxd3 1/2-1/2

[Event "Tatry op"]
[Site "Tatranska Lomnica SVK"]
[Date "2019.10.03"]
[Round "7.4"]
[White "Krnan, Tomas"]
[Black "Hurdzan, Tomas"]
[Result "1-0"]
[WhiteElo "2408"]
[BlackElo "2229"]
[PlyCount "55"]
[GameId "2130307602465986"]
[EventDate "2019.09.28"]
[EventType "swiss"]
[EventRounds "9"]
[EventCountry "SVK"]
[SourceTitle "10 Days #593"]
[Source "ChessMix"]
[SourceDate "2019.10.10"]
[SourceVersion "1"]
[SourceVersionDate "2019.10.10"]
[SourceQuality "1"]

1. e4 c5 2. Nf3 d6 3. Bb5+ Nd7 4. O-O a6 5. Bd3 Ngf6 6. Re1 e6 7. c3 b5 8. a4 c4 9. Bc2 Bb7 10. d4 cxd3 11. Qxd3 Nc5 12. Qe2 bxa4 13. e5 dxe5 14. Nxe5 Be7 15. Rd1 Qc8 16. Rxa4 Nxa4 17. Bxa4+ Kf8 18. Na3 Bxa3 19. bxa3 Ke7 20. Qb2 a5 21. Be3 Rb8 22. Qb5 Kf8 23. Qxa5 Kg8 24. Nd7 Nxd7 25. Bxd7 Qd8 26. Qe5 h5 27. Bg5 Qf8 28. Be7 1-0

[Event "Tatry op"]
[Site "Tatranska Lomnica SVK"]
[Date "2019.10.04"]
[Round "8.2"]
[White "Lys, Josef"]
[Black "Krnan, Tomas"]
[Result "0-1"]
[WhiteElo "2177"]
[BlackElo "2408"]
[PlyCount "72"]
[GameId "2130307602466013"]
[EventDate "2019.09.28"]
[EventType "swiss"]
[EventRounds "9"]
[EventCountry "SVK"]
[SourceTitle "10 Days #593"]
[Source "ChessMix"]
[SourceDate "2019.10.10"]
[SourceVersion "1"]
[SourceVersionDate "2019.10.10"]
[SourceQuality "1"]

1. d4 Nf6 2. c4 e6 3. Nc3 Bb4 4. Bd2 O-O 5. g3 d5 6. Qb3 c5 7. a3 Ba5 8. dxc5 d4 9. Nb1 e5 10. Qc2 e4 11. Bxa5 Qxa5+ 12. b4 Qc7 13. Nd2 a5 14. Rb1 axb4 15. axb4 Bf5 16. Bg2 Re8 17. e3 Nc6 18. Nh3 Ng4 19. Qb3 dxe3 20. fxe3 Nxh2 21. Nf4 Nf3+ 22. Bxf3 exf3 23. e4 Bxe4 24. Nxe4 Rxe4+ 25. Kf2 Nd4 26. Qb2 Rae8 27. Rbe1 Ne2 28. Nh5 f6 29. Qb3 Nxg3 30. Nxg3 Rxe1 31. Rxe1 Rxe1 32. Qxf3 Re5 33. Nf5 Qd7 34. Nd6 Qa4 35. Qxb7 Qc2+ 36. Kg3 Re3+ 0-1

[Event "Tatry op"]
[Site "Tatranska Lomnica SVK"]
[Date "2019.10.05"]
[Round "9.2"]
[White "Krnan, Tomas"]
[Black "Petran, Peter"]
[Result "1/2-1/2"]
[WhiteElo "2408"]
[BlackElo "2242"]
[PlyCount "91"]
[GameId "2130307602466043"]
[EventDate "2019.09.28"]
[EventType "swiss"]
[EventRounds "9"]
[EventCountry "SVK"]
[SourceTitle "10 Days #593"]
[Source "ChessMix"]
[SourceDate "2019.10.10"]
[SourceVersion "1"]
[SourceVersionDate "2019.10.10"]
[SourceQuality "1"]

1. e4 g6 2. d4 Bg7 3. Nc3 c6 4. Nf3 d5 5. h3 dxe4 6. Nxe4 Nf6 7. Nxf6+ exf6 8. Bd3 Be6 9. O-O O-O 10. c4 Na6 11. Re1 Nc7 12. Bf4 Qd7 13. Rc1 Rfc8 14. Qc2 Bf8 15. Rcd1 Bd6 16. Bxd6 Qxd6 17. Qc3 Bd7 18. Nd2 f5 19. Nf3 Re8 20. c5 Qf8 21. Rxe8 Qxe8 22. Qb4 Rb8 23. Qa5 Qc8 24. Qxa7 Ra8 25. Qb6 Be6 26. Qb4 Rxa2 27. Ne5 Qa8 28. Bc4 Qa4 29. Qxa4 Rxa4 30. b3 Ra3 31. Rb1 Nd5 32. b4 f6 33. Bxd5 Bxd5 34. Nd7 Kf7 35. Nb6 Be4 36. Rb2 Ra1+ 37. Kh2 f4 38. Nc4 Ke6 39. Re2 Kd5 40. Nd6 f5 41. f3 Bd3 42. Re7 Bf1 43. Kg1 Ba6+ 44. Kh2 Bf1 45. Kg1 Ba6+ 46. Kh2 1/2-1/2

[Event "Tatry op"]
[Site "Tatranske Zruby SVK"]
[Date "2018.09.30"]
[Round "1.2"]
[White "Krnan, Tomas"]
[Black "Bosak, Jan"]
[Result "1-0"]
[WhiteElo "2430"]
[BlackElo "2079"]
[PlyCount "33"]
[GameId "2130307615495595"]
[EventDate "2018.09.30"]
[EventType "swiss"]
[EventRounds "9"]
[EventCountry "SVK"]
[SourceTitle "10 Days #557"]
[Source "ChessMix"]
[SourceDate "2018.10.10"]
[SourceVersion "1"]
[SourceVersionDate "2018.10.10"]
[SourceQuality "1"]

1. e4 e5 2. Nf3 Nc6 3. Bb5 a6 4. Ba4 Nf6 5. O-O b5 6. Bb3 Bb7 7. d3 Bc5 8. a4 d6 9. Nc3 b4 10. Nd5 h6 11. a5 O-O 12. Be3 Bxe3 13. Nxf6+ Qxf6 14. fxe3 Rab8 15. Qe1 Ba8 16. Nh4 Qd8 17. Ng6 1-0

[Event "Tatry op"]
[Site "Tatranske Zruby SVK"]
[Date "2018.10.01"]
[Round "2.2"]
[White "Cech, Dominik"]
[Black "Krnan, Tomas"]
[Result "0-1"]
[WhiteElo "2169"]
[BlackElo "2430"]
[PlyCount "58"]
[GameId "2130307615495626"]
[EventDate "2018.09.30"]
[EventType "swiss"]
[EventRounds "9"]
[EventCountry "SVK"]
[SourceTitle "10 Days #557"]
[Source "ChessMix"]
[SourceDate "2018.10.10"]
[SourceVersion "1"]
[SourceVersionDate "2018.10.10"]
[SourceQuality "1"]

1. e4 e5 2. Nf3 Nc6 3. Bb5 a6 4. Ba4 Nf6 5. O-O Be7 6. Re1 b5 7. Bb3 O-O 8. c3 d6 9. h3 Nb8 10. d4 Nbd7 11. Nbd2 Bb7 12. d5 c6 13. dxc6 Bxc6 14. Bc2 Nc5 15. b4 Ne6 16. Nf1 Qc7 17. N3h2 d5 18. exd5 Nxd5 19. Bd2 Rad8 20. Qb1 g6 21. Ng4 Ndf4 22. Nge3 Qb7 23. f3 Bh4 24. g3 Bxg3 25. Nxg3 Rxd2 26. Ne4 Nxh3+ 27. Kh1 Bxe4 28. Bxe4 Qe7 29. Ng2 Nef4 0-1

[Event "Tatry op"]
[Site "Tatranske Zruby SVK"]
[Date "2018.10.01"]
[Round "3.1"]
[White "Krnan, Tomas"]
[Black "Kostelny, Jozef"]
[Result "1-0"]
[WhiteElo "2430"]
[BlackElo "2193"]
[PlyCount "49"]
[GameId "2130307615499752"]
[EventDate "2018.09.30"]
[EventType "swiss"]
[EventRounds "9"]
[EventCountry "SVK"]
[SourceTitle "10 Days #557"]
[Source "ChessMix"]
[SourceDate "2018.10.10"]
[SourceVersion "1"]
[SourceVersionDate "2018.10.10"]
[SourceQuality "1"]

1. e4 c5 2. Nf3 Nc6 3. Bb5 Qb6 4. Nc3 e6 5. Bxc6 Qxc6 6. d4 cxd4 7. Nxd4 Qc7 8. Qf3 a6 9. Bf4 d6 10. Bg3 Nf6 11. O-O-O Bd7 12. Rhe1 Bc6 13. Nxc6 Qxc6 14. Nd5 Rc8 15. Nxf6+ gxf6 16. Re2 Rg8 17. Rd3 Rg5 18. Qxf6 Rc5 19. c3 b5 20. Red2 e5 21. Qh8 b4 22. Rxd6 Qb5 23. Bh4 Qa5 24. Rd8+ Rxd8 25. Rxd8+ 1-0

[Event "Tatry op"]
[Site "Tatranske Zruby SVK"]
[Date "2018.10.02"]
[Round "4.1"]
[White "Chlpik, Martin"]
[Black "Krnan, Tomas"]
[Result "0-1"]
[WhiteElo "2119"]
[BlackElo "2430"]
[PlyCount "64"]
[GameId "2130307615499782"]
[EventDate "2018.09.30"]
[EventType "swiss"]
[EventRounds "9"]
[EventCountry "SVK"]
[SourceTitle "10 Days #557"]
[Source "ChessMix"]
[SourceDate "2018.10.10"]
[SourceVersion "1"]
[SourceVersionDate "2018.10.10"]
[SourceQuality "1"]

1. d4 f5 2. e4 fxe4 3. Nc3 Nf6 4. Bg5 g6 5. f3 d5 6. Qd2 Bg7 7. O-O-O O-O 8. fxe4 dxe4 9. Bc4+ Kh8 10. Nge2 Nc6 11. Bxf6 exf6 12. Nxe4 Qe7 13. N4g3 f5 14. Kb1 Be6 15. Bxe6 Qxe6 16. h4 Rad8 17. h5 Nxd4 18. Nf4 Qb6 19. hxg6 h6 20. Rxh6+ Bxh6 21. Rh1 Kg8 22. Rxh6 Ne6 23. Qc1 Nxf4 24. Nh5 Nxg6 25. c4 Qe6 26. Ka1 Rd4 27. b3 Rfd8 28. Qc3 Rd1+ 29. Kb2 R8d2+ 30. Ka3 Qa6+ 31. Kb4 c5+ 32. Kxc5 Qb6# 0-1

[Event "Tatry op"]
[Site "Tatranske Zruby SVK"]
[Date "2018.10.03"]
[Round "5.1"]
[White "Krnan, Tomas"]
[Black "Sejkora, Vlastimil"]
[Result "1-0"]
[WhiteElo "2430"]
[BlackElo "2111"]
[PlyCount "59"]
[GameId "2130307615499812"]
[EventDate "2018.09.30"]
[EventType "swiss"]
[EventRounds "9"]
[EventCountry "SVK"]
[SourceTitle "10 Days #557"]
[Source "ChessMix"]
[SourceDate "2018.10.10"]
[SourceVersion "1"]
[SourceVersionDate "2018.10.10"]
[SourceQuality "1"]

1. e4 c6 2. d4 d5 3. Nc3 dxe4 4. Nxe4 Bf5 5. Ng3 g6 6. Nxf5 gxf5 7. Nf3 e6 8. Bd3 Nf6 9. O-O Be7 10. Re1 Nbd7 11. Qe2 h5 12. c4 Nf8 13. Bg5 Ng8 14. h4 Bxg5 15. hxg5 Ne7 16. d5 Qd6 17. Rad1 O-O-O 18. dxe6 Nxe6 19. Bxf5 Nxf5 20. Rxd6 Rxd6 21. Qe5 Neg7 22. Qa5 a6 23. Re5 Rd1+ 24. Kh2 Nd6 25. Re7 Nge8 26. Qe5 Kd8 27. c5 Nc4 28. Qxh8 Kxe7 29. Qc3 b5 30. cxb6 1-0

[Event "Tatry op"]
[Site "Tatranske Zruby SVK"]
[Date "2018.10.04"]
[Round "6.1"]
[White "Kolesar, Milan"]
[Black "Krnan, Tomas"]
[Result "1-0"]
[WhiteElo "2129"]
[BlackElo "2430"]
[PlyCount "83"]
[GameId "2130307615499841"]
[EventDate "2018.09.30"]
[EventType "swiss"]
[EventRounds "9"]
[EventCountry "SVK"]
[SourceTitle "10 Days #557"]
[Source "ChessMix"]
[SourceDate "2018.10.10"]
[SourceVersion "1"]
[SourceVersionDate "2018.10.10"]
[SourceQuality "1"]

1. Nf3 Nf6 2. c4 g6 3. g3 Bg7 4. Bg2 O-O 5. d4 d6 6. O-O Nc6 7. Nc3 a6 8. d5 Na5 9. Nd2 c5 10. Rb1 Rb8 11. b3 b5 12. Bb2 Bh6 13. Nce4 Nxe4 14. Bxe4 bxc4 15. Nxc4 Nxc4 16. bxc4 Bh3 17. Bg2 Bxg2 18. Kxg2 Qa5 19. Qd3 Qxa2 20. Bc3 Rxb1 21. Rxb1 Ra8 22. Rb7 Bf8 23. Bb2 Qa5 24. h4 Qd8 25. Qc3 f6 26. Qb3 Qc8 27. e4 a5 28. Ba3 a4 29. Qb6 f5 30. e5 dxe5 31. Rc7 Qe8 32. Qxc5 Rd8 33. Qb6 e4 34. Qe6+ Qf7 35. Qxf7+ Kxf7 36. d6 Rb8 37. d7 Rd8 38. c5 e5 39. Bc1 a3 40. c6 Bc5 41. Rb7 Bd6 42. Bxa3 1-0

[Event "Tatry op"]
[Site "Tatranske Zruby SVK"]
[Date "2018.10.05"]
[Round "7.2"]
[White "Krnan, Tomas"]
[Black "Pacher, Milan"]
[Result "1/2-1/2"]
[WhiteElo "2430"]
[BlackElo "2457"]
[PlyCount "136"]
[GameId "2130307615503968"]
[EventDate "2018.09.30"]
[EventType "swiss"]
[EventRounds "9"]
[EventCountry "SVK"]
[SourceTitle "10 Days #557"]
[Source "ChessMix"]
[SourceDate "2018.10.10"]
[SourceVersion "1"]
[SourceVersionDate "2018.10.10"]
[SourceQuality "1"]

1. e4 c6 2. d4 d5 3. Nc3 dxe4 4. Nxe4 Nf6 5. Nxf6+ exf6 6. c3 Bd6 7. Bd3 O-O 8. Qc2 g6 9. Ne2 Re8 10. O-O Qc7 11. h3 Nd7 12. Bd2 Nf8 13. c4 Ne6 14. Rae1 Ng7 15. Nc3 Bf5 16. Bxf5 Nxf5 17. Ne4 Be7 18. Bc3 Nd6 19. d5 Nxc4 20. Nxf6+ Bxf6 21. Bxf6 cxd5 22. b3 Qf4 23. Ba1 Nd2 24. Rxe8+ Rxe8 25. Rd1 Ne4 26. Qb2 f6 27. Qd4 Kg7 28. Qxa7 Re7 29. Bd4 h5 30. a4 g5 31. Be3 Qe5 32. Qd4 Rd7 33. Rc1 g4 34. hxg4 hxg4 35. Qxe5 fxe5 36. f3 gxf3 37. gxf3 Ng3 38. Kf2 Nf5 39. Bb6 Kf6 40. Rc7 Ke6 41. Rxd7 Kxd7 42. Ke2 Kc6 43. Bg1 d4 44. Bh2 Kd5 45. Kd3 Nh4 46. Ke2 Ng6 47. Kd3 Nf8 48. Bg3 Ne6 49. Bh2 Nc5+ 50. Kc2 Ke6 51. Bg3 e4 52. fxe4 d3+ 53. Kd1 Nxe4 54. Bf4 Kd5 55. Bh6 Kd4 56. Bg7+ Kc5 57. Bf8+ Kd5 58. Bh6 Nd6 59. Kd2 Nf5 60. Bg5 Ke4 61. Kc3 Nd4 62. b4 Nf3 63. Bh6 d2 64. Bxd2 Nxd2 65. Kxd2 Kd4 66. a5 Kc4 67. a6 bxa6 68. Kc2 Kxb4 1/2-1/2

[Event "Tatry op"]
[Site "Tatranske Zruby SVK"]
[Date "2018.10.06"]
[Round "8.3"]
[White "Mrva, Martin"]
[Black "Krnan, Tomas"]
[Result "1-0"]
[WhiteElo "2430"]
[BlackElo "2430"]
[PlyCount "75"]
[GameId "2130307615503999"]
[EventDate "2018.09.30"]
[EventType "swiss"]
[EventRounds "9"]
[EventCountry "SVK"]
[SourceTitle "10 Days #557"]
[Source "ChessMix"]
[SourceDate "2018.10.10"]
[SourceVersion "1"]
[SourceVersionDate "2018.10.10"]
[SourceQuality "1"]

1. Nf3 Nf6 2. c4 g6 3. Nc3 Bg7 4. e4 d6 5. d4 O-O 6. Be2 e5 7. d5 a5 8. Be3 Na6 9. Nd2 Nd7 10. O-O f5 11. f3 f4 12. Bf2 g5 13. a3 Rf6 14. b4 Rh6 15. Re1 Qe8 16. Nf1 Nf6 17. c5 Bf8 18. cxd6 Bxd6 19. Nb5 g4 20. Nxd6 cxd6 21. g3 gxf3 22. Bxf3 Rg6 23. Kh1 Ng4 24. Bg1 a4 25. Ra2 Bd7 26. Rg2 h5 27. h3 Nf6 28. gxf4 exf4 29. Bd4 Bxh3 30. Rh2 Bxf1 31. Bxf6 Rxf6 32. Rxf1 Rg6 33. Rxh5 Rc8 34. Qd4 Rg7 35. Rg1 Qf7 36. Rhg5 Rxg5 37. Rxg5+ Kh7 38. Rh5+ 1-0

[Event "Tatry op"]
[Site "Tatranske Zruby SVK"]
[Date "2018.10.07"]
[Round "9.6"]
[White "Krnan, Tomas"]
[Black "Privara, Igor"]
[Result "1-0"]
[WhiteElo "2430"]
[BlackElo "2217"]
[PlyCount "134"]
[GameId "2130307615504032"]
[EventDate "2018.09.30"]
[EventType "swiss"]
[EventRounds "9"]
[EventCountry "SVK"]
[SourceTitle "10 Days #557"]
[Source "ChessMix"]
[SourceDate "2018.10.10"]
[SourceVersion "1"]
[SourceVersionDate "2018.10.10"]
[SourceQuality "1"]

1. e4 c5 2. Nf3 Nc6 3. Bb5 g6 4. Bxc6 dxc6 5. d3 Bg7 6. h3 Nf6 7. Nc3 Nd7 8. Be3 e5 9. Qd2 Qe7 10. Bh6 f6 11. Bxg7 Qxg7 12. Nh2 Nf8 13. Ne2 Ne6 14. O-O-O Nd4 15. Nxd4 cxd4 16. f4 exf4 17. Qxf4 Be6 18. Rdf1 Rf8 19. Qd6 Qd7 20. Qb4 O-O-O 21. Ng4 Qg7 22. Qc5 Kb8 23. Nxf6 Ka8 24. e5 Qc7 25. Ne4 Rxf1+ 26. Rxf1 b6 27. Qa3 Bd5 28. Nd6 Qe7 29. Qa6 c5 30. Nb5 Bxg2 31. Rf6 Bxh3 32. b3 Rb8 33. e6 Qb7 34. Qxb7+ Kxb7 35. e7 Bd7 36. Nd6+ Kc7 37. Rf8 Kxd6 38. Rxb8 Kxe7 39. Kd2 h5 40. Rh8 Kd6 41. Ke2 a5 42. Rh6 Bg4+ 43. Kf2 Bf5 44. Kg3 b5 45. Rh8 c4 46. Kf4 cxd3 47. cxd3 Bxd3 48. Rd8+ Kc5 49. Ke5 Bb1 50. Rd5+ Kc6 51. Rd6+ Kc7 52. Ra6 d3 53. Rxa5 d2 54. Ra7+ Kc6 55. Ra6+ Kb7 56. Rd6 Bxa2 57. b4 Bb1 58. Rxd2 Bf5 59. Rd4 Kc6 60. Rd6+ Kc7 61. Rd5 Kc6 62. Rc5+ Kb6 63. Kd6 h4 64. Rc6+ Kb7 65. Rc7+ Kb6 66. Rh7 h3 67. Rh6 g5 1-0

[Event "Tatry op"]
[Site "Tatranska Lomnica SVK"]
[Date "2017.10.10"]
[Round "4.1"]
[White "Krnan, Tomas"]
[Black "Szpar, Milosz"]
[Result "1/2-1/2"]
[WhiteElo "2436"]
[BlackElo "2331"]
[PlyCount "60"]
[GameId "2130307626682729"]
[EventDate "2017.10.08"]
[EventType "swiss"]
[EventRounds "9"]
[EventCountry "SVK"]
[SourceTitle "10 Days #522"]
[Source "Chess Mix"]
[SourceDate "2017.10.20"]
[SourceVersion "1"]
[SourceVersionDate "2017.10.20"]
[SourceQuality "1"]

1. e4 d6 2. d4 Nf6 3. Nc3 e5 4. Nf3 Nbd7 5. Bc4 Be7 6. O-O O-O 7. Re1 c6 8. a4 b6 9. Bg5 h6 10. Bxf6 Bxf6 11. d5 c5 12. a5 bxa5 13. Bb5 Rb8 14. Nd2 Qc7 15. Nc4 a6 16. Bc6 Rb4 17. b3 Bg5 18. g3 Kh8 19. h4 Be7 20. Bxd7 Bxd7 21. Nxa5 f5 22. Nc6 Bxc6 23. dxc6 Qxc6 24. Nd5 Rd4 25. Nxe7 Qe8 26. Nxf5 Rxd1 27. Raxd1 Qf7 28. h5 Qxh5 29. Rxd6 Qg5 30. Re3 Rd8 1/2-1/2